| 000 | 00427cam a2200169ua 4500 | ||
|---|---|---|---|
| 020 | _c0.30 | ||
| 041 |
_aeng _h |
||
| 082 |
_a635.22 _bSIN/CU |
||
| 100 | _aSingh, H.B . | ||
| 245 |
_aCultivation of sweet potato / _cH.B Singh. _hTextual Documents |
||
| 260 |
_aNew Delhi : _bIndian Council for Agricultural Research , _c1964. |
||
| 300 | _a ; . | ||
| 365 | _a0.30 | ||
| 504 | _a | ||
| 942 | _cBK | ||
| 999 |
_c4333 _d4333 |
||